| 000 | 00597nam a2200241Ia 4500 | ||
|---|---|---|---|
| 003 | OSt | ||
| 005 | 20221005132903.0 | ||
| 006 | a|||||r|||| 00| 0 | ||
| 007 | ta | ||
| 008 | 221004b |||||||| |||| 00| 0 tam d | ||
| 024 | _a45483 | ||
| 037 | _cTextual | ||
| 040 |
_aCRL _cCRL _btam |
||
| 041 |
_2tam _atam |
||
| 082 | _aG:66xM09, 31N7 | ||
| 100 |
_aChenkuttuvan Au. _9641798 |
||
| 245 | 0 | _aVaralaru kandadarvin | |
| 260 | _c1997 | ||
| 300 |
_a136p. _ccm. |
||
| 650 | _aBIOLOGY | ||
| 942 |
_hG:66xM09, 31N7 _cTEXL _2cc |
||
| 999 |
_c1065122 _d1065122 |
||